[Event "POL-chT2"]
[Site "Augustow"]
[Date "1997.??.??"]
[Round "?"]
[White "Cudnik, Andrzej"]
[Black "Grabek, Andrzej"]
[Result "1-0"]
[WhiteElo "2165"]
[BlackElo "1800"]
[PlyCount "71"]
[EventDate "1997.??.??"]
[EventType "team"]
[EventRounds "9"]
[EventCountry "POL"]
[SourceTitle "EXT 2003"]
[Source "ChessBase"]
[SourceDate "2002.11.25"]
[SourceVersion "1"]
[SourceVersionDate "2002.11.25"]
[SourceQuality "1"]

1. e4 c5 2. Nf3 Nc6 3. Bb5 g6 4. Bxc6 bxc6 5. 0-0 Bg7 6. Re1 d6 7. h3 Nf6 8. e5 Nd5 9. c4 Nb6 10. d3 0-0 11. Nc3 Be6 12. exd6 exd6 13. Bg5 Qd7 14. Qd2 Rfe8 15. Ne4 f5 16. Nf6+ Bxf6 17. Bxf6 Qf7 18. Bc3 Qd7 19. Qh6 a6 20. b3 Ra7 21. Re2 d5 22. Rae1 d4 23. Ba5 Rb7 24. Bxb6 Rxb6 25. Ng5 Qg7 26. Qxg7+ Kxg7 27. Nxe6+ Kh6 28. Nxc5 Rc8 29. Re7 Rbb8 30. f4 Rh8 31. Kf2 Kh5 32. Nd7 Ra8 33. Nf6+ Kh6 34. R1e6 c5 35. g4 fxg4 36. hxg4 1-0

[Event "POL-chT2"]
[Site "Augustow"]
[Date "1997.??.??"]
[Round "?"]
[White "Grabek, Andrzej"]
[Black "Ciolek, Marcin"]
[Result "1-0"]
[WhiteElo "1800"]
[BlackElo "1800"]
[PlyCount "45"]
[EventDate "1997.??.??"]
[EventType "team"]
[EventRounds "9"]
[EventCountry "POL"]
[SourceTitle "EXT 2003"]
[Source "ChessBase"]
[SourceDate "2002.11.25"]
[SourceVersion "1"]
[SourceVersionDate "2002.11.25"]
[SourceQuality "1"]

1. c4 f5 2. d4 Nf6 3. Nc3 g6 4. g3 Bg7 5. Bg2 0-0 6. Nf3 d6 7. 0-0 Nc6 8. d5 Ne5 9. Nxe5 dxe5 10. e4 f4 11. gxf4 exf4 12. Bxf4 Nxe4 13. Qc1 Nxc3 14. bxc3 Bxc3 15. Bxc7 Qxc7 16. Qxc3 Rf4 17. Rac1 Qc5 18. Qe3 Qc7 19. Rfe1 Bd7 20. c5 Rf7 21. d6 Qc8 22. dxe7 Kh8 23. Red1 1-0

[Event "POL-chT2"]
[Site "Augustow"]
[Date "1997.??.??"]
[Round "?"]
[White "Grabek, Andrzej"]
[Black "Weglicki, Slawomir"]
[Result "1/2-1/2"]
[WhiteElo "1800"]
[BlackElo "1800"]
[PlyCount "88"]
[EventDate "1997.??.??"]
[EventType "team"]
[EventRounds "9"]
[EventCountry "POL"]
[SourceTitle "EXT 2003"]
[Source "ChessBase"]
[SourceDate "2002.11.25"]
[SourceVersion "1"]
[SourceVersionDate "2002.11.25"]
[SourceQuality "1"]

1. c4 Nf6 2. Nc3 e6 3. g3 Nc6 4. Bg2 Bb4 5. Nf3 d6 6. 0-0 0-0 7. Qc2 e5 8. d3 Re8 9. h3 h6 10. Be3 Be6 11. Rac1 Qd7 12. Kh2 Ne7 13. a3 Bxc3 14. Qxc3 c5 15. Nd2 Rab8 16. Ne4 Nxe4 17. dxe4 b5 18. b3 bxc4 19. bxc4 Qa4 20. Rfd1 Red8 21. Rd3 Nc6 22. Rd2 Nd4 23. Bxd4 cxd4 24. Qc2 Qxa3 25. f4 Rdc8 26. Rb1 Rb6 27. Rd3 Rxc4 28. Qd1 Rc3 29. Ra1 Rxd3 30. exd3 Ba2 31. Qg4 Qb2 32. Rd1 Be6 33. f5 Bb3 34. Rf1 f6 35. h4 Rc6 36. Qh5 Bf7 37. Qf3 Rc2 38. g4 Qb3 39. g5 d5 40. gxh6 gxh6 41. Kh1 dxe4 42. Qxe4 Kh7 43. Ra1 Ra2 44. Rc1 Rc2 1/2-1/2